000 00432nam a22001697a 4500
003 NUST - PNEC
005 20170116181112.0
008 151004b xxu||||| |||| 00| 0 eng d
020 _a-
040 _cLIBRARY
082 _a658.404 CAB
100 _913004
_aCable, Dwayne P.
245 _aOrganizing for project management
_cDwayne P. Cable
260 _cc.1989
650 _913008
_aProject management
_xMIS
942 _2ddc
_cBK
999 _c69180
_d69180